000 01389nam a2200253Ia 4500
999 _c50957
_d50957
001 17914
003 GE_BSU
005 20230620103504.0
008 181216s2014||||ge |||||||||||||| ||geo||
020 _a9789941434891
040 _cGE_BSU
041 _ageo
080 _a39(479.22)(092)+821.353.1-94 ნ-89
100 _aნოღაიდელი, ნ. (ნანული)
_918820
245 _aჯემალ ნოღაიდელი - წერილები წარსულიდან /
_b
_cნანული ნოღაიდელი ; რედ. შუშანა ფუტკარაძე ; ბათუმის შოთა რუსთაველის სახელმწ. უნ-ტი, ნიკო ბერძენიშვილის ინ-ტი.
264 _aბათუმი :
_bბათუმის შოთა რუსთაველის სახელმწ. უნ-ტი,
_c2014.
300 _a62 გვ.:
_b1ფ. პორტრ.;
_c19 სმ.
541 _h2 ლ. 13თ.
653 _aჯემალ ნოღაიდელი
653 _aქართველი ეთნოგრაფები
700 _aფუტკარაძე, შუშანა
_eრედაქტორი
_91978
710 _aბსუ.
_bნიკო ბერძენიშვილის ინ-ტი.
_918821
942 _cBK
_2udc